Out of the inkwell : (Record no. 22753)

000 -LEADER
fixed length control field 01345cam a22003014a 4500
001 - CONTROL NUMBER
control field 13897084
003 - CONTROL NUMBER IDENTIFIER
control field OSt
005 - DATE AND TIME OF LATEST TRANSACTION
control field 20170124154538.0
008 - FIXED-LENGTH DATA ELEMENTS--GENERAL INFORMATION
fixed length control field 050311s2005 kyua 001 0beng
010 ## - LIBRARY OF CONGRESS CONTROL NUMBER
LC control number 2005006834
020 ## - INTERNATIONAL STANDARD BOOK NUMBER
International Standard Book Number 0813123550 (hardcover : alk. paper)
040 ## - CATALOGING SOURCE
Original cataloging agency DLC
Transcribing agency DLC
Modifying agency DLC
042 ## - AUTHENTICATION CODE
Authentication code pcc
043 ## - GEOGRAPHIC AREA CODE
Geographic area code n-us---
050 00 - LIBRARY OF CONGRESS CALL NUMBER
Classification number NC1766.U52
Item number F5834 2005
082 00 - DEWEY DECIMAL CLASSIFICATION NUMBER
Classification number 791.43/34/092
-- B
Edition number 22
100 1# - MAIN ENTRY--PERSONAL NAME
Personal name Fleischer, Richard.
245 10 - TITLE STATEMENT
Title Out of the inkwell :
Remainder of title Max Fleischer and the animation revolution /
Statement of responsibility, etc. Richard Fleischer ; with a foreword by Leonard Maltin.
246 30 - VARYING FORM OF TITLE
Title proper/short title Max Fleischer and the animation revolution
260 ## - PUBLICATION, DISTRIBUTION, ETC. (IMPRINT)
Place of publication, distribution, etc. Lexington :
Name of publisher, distributor, etc. University Press of Kentucky,
Date of publication, distribution, etc. 2005.
300 ## - PHYSICAL DESCRIPTION
Extent xii, 184 p., [16] p. of plates :
Other physical details ill. ;
Dimensions 23 cm.
504 ## - BIBLIOGRAPHY, ETC. NOTE
Bibliography, etc Includes index.
600 10 - SUBJECT ADDED ENTRY--PERSONAL NAME
Personal name Fleischer, Max,
Dates associated with a name 1883-1972.
650 #0 - SUBJECT ADDED ENTRY--TOPICAL TERM
Topical term or geographic name as entry element Animators
Geographic subdivision United States
Form subdivision Biography.
856 41 - ELECTRONIC LOCATION AND ACCESS
Materials specified Table of contents
Uniform Resource Identifier <a href="http://www.loc.gov/catdir/toc/ecip059/2005006834.html">http://www.loc.gov/catdir/toc/ecip059/2005006834.html</a>
906 ## - LOCAL DATA ELEMENT F, LDF (RLIN)
a 7
b cbc
c orignew
d 1
e ecip
f 20
g y-gencatlg
942 ## - ADDED ENTRY ELEMENTS (KOHA)
Source of classification or shelving scheme
Koha item type Hard Covered Materials
Classification part NC 1766 .U52 F5834 2005
Holdings
Withdrawn status Lost status Source of classification or shelving scheme Damaged status Not for loan Home library Current library Shelving location Date acquired Source of acquisition Total Checkouts Full call number Barcode Date last seen Price effective from Koha item type
          MACHAKOS UNIVERSITY LIBRARY MACHAKOS UNIVERSITY LIBRARY Open shelf 24/01/2017 Donation(B.F.A)   NC 1766 .U52 F5834 2005 32146 24/01/2017 24/01/2017 Hard Covered Materials
© Machakos University Library, Along The Highway, Machakos Wote Rd, Machakos, Kenya P.O. Box 136 - 90100 Machakos - Kenya

Tel: ( +254 ) 723 805829 OR Fax : 044-20353 OR Email: library@mksu.ac.ke